Let it Be - The Beatles (All Lyrics) - Statistics

General Stats
  • This quiz has been taken 585 times
  • The average score is 229 of 260
Answer Stats
Lyrics % Correct
be
100%
be,
100%
I
100%
let
100%
it
99%
me
96%
of
96%
Mary
95%
Mother
95%
to
95%
wisdom,
95%
words
95%
a
94%
in
94%
comes
93%
when
93%
an
92%
my
92%
speaking
91%
trouble
90%
the
88%
find
87%
myself
87%
times
87%
and
85%
there
78%
will
77%
answer,
76%
is
74%
darkness
72%
she
70%
whisper
70%
front
68%
right
65%
standing
65%
hour
64%
see
60%
that
60%
world
60%
people
56%
still
55%
living
53%
on
53%
broken
52%
they
52%
light
50%
shine
50%
tomorrow,
50%
hearted
49%
until
46%
agree
45%
chance
44%
night
44%
shines
43%
oh,
40%
may
38%
music
36%
sound
36%
yeah,
36%
up
35%
for
34%
wake
33%
cloudy
32%
though
30%
parted
28%
No matching quizzes found
Score Distribution
Percent of People with Each Score
Percentile by Number Answered
Your Score History
You have not taken this quiz